01021cam a22002897a 4500003000500000005001700005008004100022010000900063011000900072020001500081035000900096040000900105082002000114111010800134245010600242260003600348300002000384650002700404650003300431650003200464650004100496650004500537700003200582700004200614700002900656710004600685CHAP20220817041139.0971013s1991 mx r 10010 spa d a7432 a8404 a968884151X a7630 cCHAP04a580.63bS4 199000aForo de Investigación y Servicio del Oriente del Estado de México (n2d: 1990c: Chapingo, Méx.)10aMemoriac/por Marco Antonio Anaya Pérez, José Alfredo Castellanos Suárez y Jorge Ocampo Ledesma aChapingo, Méx. :bUACH,c1991 a354 p.b: ilus.14aBotánicaxCongresos.14aBotánicaxInvestigación.14aBotánicaxMéxico (Edo.)14aRecursos naturaleszMéxico (Edo.).14aSuelosxInvestigaciónxMéxico (Edo.)0 aAnaya Perez, Marco Antonio.0 aCastellanos Suárez, José Alfredo.0 aOcampo Ledesma, Jorge G.0 aUACH. Dirección de Difusión Cultural.